[Event "?"]
[Site "?"]
[Date "2004.05.15"]
[Round "1.22"]
[White "Kose, Serkan"]
[Black "Naiditsch, Arkadij"]
[Result "1-0"]
[WhiteElo "2244"]
[BlackElo "2571"]
[Annotator "Serkan KOSE"]
[PlyCount "65"]
[EventDate "2004.??.??"]

1. e4 c5 2. c3 d5 3. exd5 Qxd5 4. d4 Nf6 5. Nf3 Bg4 6. Be2 e6 7. O-O Nc6 8. h3
Bh5 9. Be3 cxd4 10. cxd4 Be7 11. Nc3 Qd6 12. Nb5 Qb8 13. Rc1 a6 14. Nc3 O-O 15.
Na4 Nd5 {The knight feels good on d5} 16. Nc5 Rd8 17. Qb3 b5 18. Qd1 Qb6 19.
Bd3 e5 20. Bxh7+ (20. g4 exd4 21. Bg5 Bg6 22. Bxg6 hxg6 23. Bxe7 Ndxe7 $17)
20... Kh8 $2 $11 {weakening the position} (20... Kxh7 $142 21. Ng5+ Kg6 $13)
21. Be4 f5 $16 (21... Rac8 $5 {is interesting} 22. Bxd5 Rxd5 $14) 22. Bxf5 exd4
23. Nd7 Qb7 $18 (23... Qc7 $5 24. Nde5 Nxe3 25. fxe3 dxe3 $16) 24. Rxc6 $1 {
better than holding on to the material} 24... Nxe3 $4 {
terrible, but the game is lost in any case} (24... Qxc6 $142 25. Nxd4 Bxd1 26.
Nxc6 Be2 $18) 25. Rh6+ $3 {a sacrifice that merits applause} 25... gxh6 26.
Qxd4+ Kg8 27. fxe3 (27. Qxe3 {and White can already relax} 27... Rxd7 28. Qxh6
Bf6 29. Bxd7 Bg7 30. Qxh5 Qxd7 $18) 27... Rxd7 (27... Qc7 {
does not save the day} 28. Be6+ $1 {a disturbing check} 28... Kh7 29. Qe4+ Kh8
30. Nfe5 Rxd7 31. Nxd7 $18) 28. Bxd7 Rf8 29. Be6+ $1 {a unpleasant check} 29...
Kh7 (29... Bf7 {there is nothing else anyway} 30. Qg4+ Kh8 $18) 30. Ne5 (30.
Bd5 $142 {secures the point} 30... Qc7 31. Be4+ Kg8 32. Qd5+ Bf7 33. Qf5 $18 {
#10/5}) 30... Rxf1+ 31. Kxf1 Bf6 (31... Qc7 32. g4 Be8 33. Bf7 Bxf7 34. Nxf7
$18) 32. Qf4 $1 {a beautiful, forced end to the game} 32... Qg7 (32... Bxe5 {
there is nothing better in the position} 33. Qxe5 Bf7 $18) 33. Qe4+ $1 {
a tough check to counter} (33. Qe4+ Kh8 34. Qa8+ Kh7 35. Bf5+ $18) 1-0

37. Qe4 Qxf5+ 38. Qxf5+ Kg7 39. e4 Bxb2 40. e5 Bxe5 41. Qxe5+ Kf7 42. g4 $18)
1-0

[Event "5th European Individual Chess Champions"]
[Site "Justiniano Hotel Belek, Turke"]
[Date "2004.05.16"]
[Round "2.6"]
[White "Parligras, Mircea"]
[Black "Jobava, Baadur"]
[Result "0-1"]
[WhiteElo "2549"]
[BlackElo "2616"]
[PlyCount "64"]
[EventDate "2004.05.16"]

1. e4 d6 2. d4 Nf6 3. Nc3 g6 4. Be3 Bg7 5. Qd2 O-O 6. O-O-O c6 7. Kb1 b5 8. f3
Nbd7 9. e5 b4 10. exf6 bxc3 11. Qxc3 Nxf6 12. Qxc6 Be6 13. Bc1 Rb8 14. Nh3
Bxa2+ 15. Kxa2 Qa5+ 16. Kb1 Nd5 17. Rd3 Rfc8 18. Bd2 Rxb2+ 19. Kxb2 Rb8+ 20.
Rb3 Bxd4+ 21. c3 Nb4 22. Qa6 Nxa6 23. Bxa6 Rxb3+ 24. Kxb3 Qxa6 25. cxd4 Qe2 26.
Be1 Qxg2 27. Nf2 Qxf3+ 28. Kc4 a5 29. Rg1 a4 30. Nd3 a3 31. Bd2 e5 32. dxe5
Qc6+ 0-1

[Event "5th European Individual Chess Champions"]
[Site "Justiniano Hotel Belek, Turke"]
[Date "2004.05.16"]
[Round "2.9"]
[White "Stocek, J."]
[Black "Markowski, T."]
[Result "1-0"]
[WhiteElo "2543"]
[BlackElo "2605"]
[PlyCount "121"]
[EventDate "2004.05.16"]

1. d4 d5 2. c4 dxc4 3. e3 Nf6 4. Bxc4 e6 5. Nf3 a6 6. O-O Nbd7 7. a4 c5 8. Nc3
Qc7 9. Qe2 Bd6 10. dxc5 Nxc5 11. e4 Ncd7 12. Bg5 b6 13. Rac1 Bb7 14. Bxe6 fxe6
15. Nb5 axb5 16. Rxc7 Bxc7 17. Qxb5 Nxe4 18. Qc4 Nec5 19. b4 Bxf3 20. gxf3 Ne5
21. Qc3 O-O 22. f4 Ned3 23. bxc5 Nxc5 24. Be7 Rf5 25. Bxc5 Rxc5 26. Qb3 Re8 27.
Re1 Kf7 28. Re4 g6 29. Kg2 Re7 30. Rd4 Rf5 31. Rc4 Kg8 32. Qc3 Rff7 33. Rc6 e5
34. fxe5 Bxe5 35. Qc4 Bc7 36. Rf6 Kg7 37. Rxf7+ Rxf7 38. Qc3+ Kg8 39. h3 Kf8
40. Qh8+ Ke7 41. Qg8 Kf6 42. Kf1 Re7 43. Qf8+ Rf7 44. Qh8+ Ke7 45. Qd4 Ke8 46.
h4 Kf8 47. Qh8+ Ke7 48. Qc8 Kd6 49. Qg8 Ke7 50. Ke2 Kf6 51. Qh8+ Ke7 52. Qg8
Kf6 53. Kd3 Ke7 54. Kc4 Kf6 55. Kb5 h5 56. Kc6 Re7 57. Qf8+ Rf7 58. Qg8 Re7 59.
Qf8+ Rf7 60. Qh6 Bd8 61. Qg5+ 1-0

[Event "5th European Individual Chess Champions"]
[Site "Justiniano Hotel Belek, Turke"]
[Date "2004.05.16"]
[Round "2.10"]
[White "Navara, D."]
[Black "Smeets, J."]
[Result "1-0"]
[WhiteElo "2602"]
[BlackElo "2531"]
[PlyCount "85"]
[EventDate "2004.05.16"]

1. e4 c5 2. Nf3 d6 3. d4 cxd4 4. Nxd4 Nf6 5. Nc3 a6 6. Be2 e5 7. Nb3 Be7 8. Bg5
Be6 9. Bxf6 Bxf6 10. Qd3 Nc6 11. O-O-O Nd4 12. Nxd4 exd4 13. Nd5 Bxd5 14. exd5
O-O 15. Qf3 Re8 16. Bd3 Re5 17. Kb1 Qa5 18. g4 Qxd5 19. Qxd5 Rxd5 20. f4 g5 21.
Bc4 Rc5 22. fxg5 Bxg5 23. Rxd4 Be3 24. Re4 Re5 25. Rxe5 dxe5 26. Bd5 Ra7 27.
Re1 Bf4 28. c4 b6 29. h3 Kg7 30. Kc2 Kf6 31. b4 Rc7 32. Kd3 Kg5 33. Ke4 a5 34.
bxa5 bxa5 35. Rb1 Kh4 36. Kf5 h6 37. Rb5 Kxh3 38. c5 Kg3 39. c6 Kf2 40. Rb7 Rc8
41. Rxf7 Ke3 42. Be4 Kd4 43. c7 1-0

[Event "5th European Individual Chess Champions"]
[Site "Justiniano Hotel Belek, Turke"]
[Date "2004.05.16"]
[Round "2.11"]
[White "Petrosian, T."]
[Black "Agrest, E."]
[Result "0-1"]
[WhiteElo "2539"]
[BlackElo "2601"]
[PlyCount "106"]
[EventDate "2004.05.16"]

1. e4 c5 2. Nc3 e6 3. Nf3 a6 4. g3 d6 5. Bg2 Nc6 6. O-O Be7 7. d4 cxd4 8. Nxd4
Bd7 9. Be3 Nf6 10. Nxc6 Bxc6 11. a4 O-O 12. a5 Qc7 13. Qd3 Rac8 14. Rfd1 h6 15.
f4 Rfe8 16. Bd4 Nd7 17. Bf2 Nf6 18. Bb6 Qb8 19. Rd2 Nd7 20. Bf2 Red8 21. Qe2
Re8 22. Qf1 Bd8 23. Qb1 Nf6 24. Qd1 Bc7 25. b3 Red8 26. Bd4 e5 27. Bf2 exf4 28.
gxf4 d5 29. e5 Ne4 30. Nxe4 dxe4 31. Bd4 b6 32. b4 Qb7 33. Qg4 bxa5 34. bxa5
Bb8 35. c3 Ba7 36. f5 Bd5 37. Re1 Rxc3 38. Bxa7 Qxa7+ 39. Kh1 Qc7 40. f6 g6 41.
Qf4 g5 42. Qf5 Rc1 43. Rdd1 Rxd1 44. Rxd1 Be6 45. Rxd8+ Qxd8 46. Qf2 Qxa5 47.
Bxe4 Qxe5 48. Qf3 g4 49. Qd3 Qxf6 50. Qxa6 Qd4 51. Qb7 Kg7 52. Kg2 Qc3 53. Qb1
h5 0-1

[Event "5th European Individual Chess Champions"]
[Site "Justiniano Hotel Belek, Turke"]
[Date "2004.05.16"]
[Round "2.12"]
[White "Iljushin, Alexei"]
[Black "Kempinski, Robert"]
[Result "1/2-1/2"]
[WhiteElo "2529"]
[BlackElo "2586"]
[PlyCount "36"]
[EventDate "2004.05.16"]

1. d4 Nf6 2. c4 g6 3. Nc3 Bg7 4. e4 O-O 5. f3 Nc6 6. d5 Nb4 7. a3 Na6 8. Bd3 d6
9. Nge2 c6 10. Be3 e6 11. dxe6 Bxe6 12. O-O Nc5 13. Nd4 Nfd7 14. Be2 Ne5 15.
Nxe6 fxe6 16. b4 Na6 17. Qd2 Kf7 18. Rac1 c5 1/2-1/2

[Event "5th European Individual Chess Champions"]
[Site "Justiniano Hotel Belek, Turke"]
[Date "2004.05.16"]
[Round "2.13"]
[White "Minasian, A."]
[Black "Iotov, V."]
[Result "1-0"]
[WhiteElo "2585"]
[BlackElo "2342"]
[PlyCount "123"]
[EventDate "2004.05.16"]

1. Nf3 Nf6 2. g3 d5 3. Bg2 g6 4. O-O Bg7 5. d3 O-O 6. Nbd2 c5 7. e4 Nc6 8. a3
Qc7 9. exd5 Nxd5 10. Nb3 Qd6 11. Nfd2 b6 12. Qf3 e6 13. Ne4 Qd8 14. c4 Nde7 15.
Bg5 Bb7 16. Nf6+ Kh8 17. Qf4 Nf5 18. Nxh7 f6 19. Nxf8 Bxf8 20. Qe4 fxg5 21.
Qxe6 Qd6 22. Rae1 Rd8 23. Nd2 Qxe6 24. Rxe6 Ncd4 25. Ree1 Bxg2 26. Kxg2 Bg7 27.
h3 Bf6 28. Ne4 Kg7 29. b4 Be7 30. bxc5 bxc5 31. Rb1 Rd7 32. Rfd1 a5 33. Rb6 Kf7
34. Rd2 Ng7 35. Rdb2 Nge6 36. Ra6 Bd8 37. Rb8 Ke7 38. a4 Rc7 39. Nc3 Rd7 40.
Rb1 Kf7 41. Ne4 Nf5 42. Rxe6 Kxe6 43. Nxc5+ Kd6 44. Nxd7 Kxd7 45. Kf3 Kc6 46.
Rb8 Bf6 47. Rg8 Ne7 48. Rf8 Bd4 49. Ke4 Kc5 50. Rb8 Bxf2 51. Rb5+ Kd6 52. Rxa5
Bxg3 53. Rxg5 Be1 54. d4 Bd2 55. Rg2 Ba5 56. Kd3 Bc7 57. Rg5 Kc6 58. Ke4 Bb8
59. Rc5+ Kd6 60. Rb5 Bc7 61. d5 Kd7 62. c5 1-0

[Event "5th European Individual Chess Champions"]
[Site "Justiniano Hotel Belek, Turke"]
[Date "2004.05.16"]
[Round "2.14"]
[White "Radulski, Julian"]
[Black "Izoria, Zviad"]
[Result "1/2-1/2"]
[WhiteElo "2497"]
[BlackElo "2573"]
[PlyCount "39"]
[EventDate "2004.05.16"]

1. e4 c6 2. d4 d5 3. Nc3 dxe4 4. Nxe4 Bf5 5. Ng3 Bg6 6. Nf3 Nd7 7. Bd3 Ngf6 8.
O-O e6 9. c4 Bd6 10. b3 O-O 11. Bxg6 hxg6 12. Bb2 a5 13. Ne5 a4 14. Qe2 Re8 15.
Rfd1 Qe7 16. Rab1 axb3 17. axb3 Ra2 18. Ra1 Rea8 19. Rxa2 Rxa2 20. Ra1 1/2-1/2

[Event "5th European Individual Chess Champions"]
[Site "Justiniano Hotel Belek, Turke"]
[Date "2004.05.16"]
[Round "2.18"]
[White "Asrian, K."]
[Black "Atakisi, U."]
[Result "1-0"]
[WhiteElo "2605"]
[BlackElo "2344"]
[PlyCount "61"]
[EventDate "2004.05.16"]

1. e4 c5 2. Nf3 Nc6 3. d4 cxd4 4. Nxd4 Nf6 5. Nc3 e5 6. Ndb5 d6 7. Bg5 a6 8.
Na3 b5 9. Nd5 Be7 10. Nxe7 Nxe7 11. Bxf6 gxf6 12. c4 Bb7 13. cxb5 Bxe4 14. bxa6
O-O 15. Be2 d5 16. O-O Kh8 17. Kh1 d4 18. Bd3 Bg6 19. Rc1 Rg8 20. Bc4 Nd5 21.
Qb3 Nf4 22. g3 Qd7 23. gxf4 Be4+ 24. f3 Qh3 25. Rf2 d3 26. fxe4 Qe3 27. Qxd3
Qxf2 28. Qe2 Qxf4 29. Rf1 Qh4 30. Bd5 Rxa6 31. Qxa6 1-0

[Event "5th European Individual Chess Champions"]
[Site "Justiniano Hotel Belek, Turke"]
[Date "2004.05.16"]
[Round "2.19"]
[White "Miroshnichenko, Evgenij"]
[Black "Erdogan, Hakan"]
[Result "1-0"]
[WhiteElo "2599"]
[BlackElo "2252"]
[PlyCount "67"]
[EventDate "2004.05.16"]

1. Nf3 c5 2. g3 d5 3. Bg2 Nc6 4. O-O Nf6 5. d4 e6 6. c4 dxc4 7. Ne5 Nxe5 8.
dxe5 Qxd1 9. Rxd1 Nd5 10. Na3 Bd7 11. Nxc4 Bc6 12. Na5 Be7 13. Bd2 O-O-O 14.
Nxc6 bxc6 15. Rac1 Kc7 16. h4 Kb6 17. h5 h6 18. Rc4 f6 19. exf6 Nxf6 20. Rc2 a5
21. Rdc1 Nxh5 22. Be3 Nf6 23. Bxc5+ Bxc5 24. Rxc5 Rd1+ 25. Rxd1 Kxc5 26. Rc1+
Kb5 27. Rxc6 Re8 28. Rc7 g5 29. Rf7 Ng4 30. Bh3 Ne5 31. Rf6 g4 32. Rxh6 Rd8 33.
Rxe6 Rd1+ 34. Kh2 1-0

[Event "5th European Individual Chess Champions"]
[Site "Justiniano Hotel Belek, Turke"]
[Date "2004.05.16"]
[Round "2.20"]
[White "Akesson, Ralf"]
[Black "Anastasian, Ashot"]
[Result "1/2-1/2"]
[WhiteElo "2476"]
[BlackElo "2587"]
[PlyCount "43"]
[EventDate "2004.05.16"]

1. d4 Nf6 2. c4 e6 3. Nc3 Bb4 4. Qc2 c5 5. dxc5 Qc7 6. Nf3 a6 7. g3 Bxc5 8. Bf4
d6 9. Bg2 h6 10. O-O e5 11. Bd2 Be6 12. b3 O-O 13. Nh4 Nc6 14. Nf5 Rac8 15. Ne3
Ne7 16. Qd3 Bd4 17. Rac1 Qd7 18. Rfd1 Rfd8 19. Nc2 Bc5 20. Ne3 Bd4 21. Nc2 Bc5
22. Ne3 1/2-1/2

[Event "5th European Individual Chess Champions"]
[Site "Justiniano Hotel Belek, Turke"]
[Date "2004.05.16"]
[Round "2.21"]
[White "Cheparinov, I."]
[Black "Grunberg, M."]
[Result "1-0"]
[WhiteElo "2555"]
[BlackElo "2401"]
[PlyCount "95"]
[EventDate "2004.05.16"]

1. e4 Nf6 2. e5 Nd5 3. d4 d6 4. c4 Nb6 5. f4 g6 6. Nc3 Bg7 7. Be3 dxe5 8. dxe5
Qxd1+ 9. Rxd1 Be6 10. b3 f6 11. c5 N6d7 12. Nb5 Na6 13. c6 bxc6 14. Nd4 Nac5
15. b4 fxe5 16. fxe5 Bg4 17. bxc5 Bxd1 18. Kxd1 Nxe5 19. Ne6 Ng4 20. Kd2 Rb8
21. Nxg7+ Kf7 22. Ne6 Kxe6 23. Bc4+ Kf6 24. Bb3 Rhd8+ 25. Ke2 Nxe3 26. Kxe3 Rb5
27. Nf3 Rxc5 28. Nd2 Rc3+ 29. Ke2 Kg7 30. Ne4 Rcd3 31. Rf1 Kh6 32. Rf7 R8d7 33.
g4 R3d4 34. g5+ Kh5 35. Rxh7+ Kg4 36. Be6+ Kf4 37. Rh4+ Ke5 38. Bxd7 Rxd7 39.
Nd2 Kf5 40. Nf3 e5 41. Ke3 Rd5 42. Rc4 c5 43. h4 a6 44. a4 Ke6 45. Ke4 Kd6 46.
h5 gxh5 47. g6 Ke6 48. Ng5+ 1-0

[Event "5th European Individual Chess Champions"]
[Site "Justiniano Hotel Belek, Turke"]
[Date "2004.05.16"]
[Round "2.23"]
[White "Istratescu, A."]
[Black "Yilmaz, T."]
[Result "1-0"]
[WhiteElo "2587"]
[BlackElo "2311"]
[PlyCount "101"]
[EventDate "2004.05.16"]

1. d4 d5 2. c4 e6 3. Nc3 Be7 4. Nf3 Nf6 5. Bg5 Nbd7 6. e3 O-O 7. Qc2 c6 8. Rd1
a6 9. a3 h6 10. Bh4 b5 11. c5 Ne8 12. Bg3 f5 13. Ne2 Nef6 14. Nf4 Kf7 15. Nd3
Kg8 16. Nfe5 Nxe5 17. Nxe5 Qe8 18. f3 Bb7 19. Be2 Nd7 20. Nd3 Bf6 21. Qc3 Bg5
22. Kf2 a5 23. b4 Bd8 24. Ra1 a4 25. h4 Rc8 26. Rag1 Nf6 27. Bd6 Be7 28. Bxe7
Qxe7 29. h5 Rce8 30. Ke1 Nd7 31. f4 Rf7 32. g4 fxg4 33. Bxg4 Qd8 34. Qc2 Ree7
35. Qh2 Bc8 36. Rg3 e5 37. fxe5 Nf8 38. Bxc8 Qxc8 39. Qh3 Qe8 40. Nf4 Nh7 41.
Rhg1 Ng5 42. Rxg5 hxg5 43. Rxg5 Kh7 44. Ke2 Qd8 45. Rg6 Qf8 46. Rxc6 Re8 47.
Qg2 Rc8 48. Rg6 Qe8 49. h6 Rcc7 50. Nxd5 Ra7 51. hxg7 1-0

[Event "5th European Individual Chess Champions"]
[Site "Justiniano Hotel Belek, Turke"]
[Date "2004.05.16"]
[Round "2.26"]
[White "Bayram, Y."]
[Black "Mastrovasilis, A."]
[Result "0-1"]
[WhiteElo "2292"]
[BlackElo "2488"]
[PlyCount "100"]
[EventDate "2004.05.16"]

1. d4 Nf6 2. c4 e6 3. Nf3 c5 4. d5 d6 5. Nc3 exd5 6. cxd5 g6 7. Bf4 a6 8. a4
Bg7 9. e4 Bg4 10. Be2 Bxf3 11. Bxf3 O-O 12. O-O Qe7 13. Qc2 Nbd7 14. Rae1 Rac8
15. h3 Rfe8 16. g4 Ne5 17. Bg2 c4 18. Re2 Nd3 19. Be3 Nd7 20. f4 N7c5 21. Kh2
Qd7 22. Bxc5 Nxc5 23. e5 dxe5 24. f5 e4 25. Nxe4 Nxe4 26. Bxe4 Qd6+ 27. Kg2 c3
28. fxg6 hxg6 29. b3 Re7 30. Qd3 Rce8 31. Rfe1 Bf6 32. Qf3 b5 33. axb5 axb5 34.
Qg3 Qxg3+ 35. Kxg3 c2 36. Kf3 Rxe4 37. Rxe4 Rxe4 38. Kxe4 Bg5 39. Kd4 Kf8 40.
Kc5 Bd2 41. Rf1 b4 42. h4 Ke7 43. h5 gxh5 44. gxh5 f5 45. Rh1 Kd7 46. Rf1 f4
47. h6 c1=Q+ 48. Rxc1 Bxc1 49. Kd4 f3 50. h7 f2 0-1

[Event "5th European Individual Chess Champions"]
[Site "Justiniano Hotel Belek, Turke"]
[Date "2004.05.16"]
[Round "2.27"]
[White "Esen, B."]
[Black "Pashikian, A."]
[Result "1/2-1/2"]
[WhiteElo "2262"]
[BlackElo "2466"]
[PlyCount "157"]
[EventDate "2004.05.16"]

1. d4 d5 2. c4 e6 3. Nf3 c5 4. e3 Nc6 5. Nc3 Nf6 6. a3 a6 7. dxc5 Bxc5 8. b4
Bd6 9. Bb2 O-O 10. Be2 dxc4 11. Bxc4 b5 12. Bd3 Ne5 13. Nxe5 Bxe5 14. f4 Bxc3+
15. Bxc3 Bb7 16. O-O Rc8 17. Bd4 Be4 18. Bxe4 Nxe4 19. f5 Qd5 20. fxe6 Qxe6 21.
Qd3 Rfe8 22. a4 Qc4 23. Qd1 Rc6 24. axb5 Qxb5 25. Qf3 f6 26. Qg4 Qxb4 27. Bxf6
Rxf6 28. Rxf6 Qc3 29. Rff1 Qxe3+ 30. Kh1 Nf2+ 31. Rxf2 Qxf2 32. Qc4+ Kh8 33. h3
Re1+ 34. Rxe1 Qxe1+ 35. Kh2 Qe5+ 36. Kh1 Qe1+ 37. Kh2 Qe5+ 38. Kh1 Qa1+ 39. Kh2
h5 40. Qe4 Qa5 41. Qe8+ Kh7 42. Qe4+ Kh6 43. Qe6+ Kh7 44. Qe4+ Kh6 45. Qe6+ g6
46. Qd6 Qa1 47. Qf4+ Kh7 48. Qc7+ Qg7 49. Qa5 Qb7 50. Qe5 Qa7 51. Qa5 Qb8+ 52.
Kh1 Qd6 53. Qa2 Kg7 54. Qb2+ Qf6 55. Qb7+ Kh6 56. Qc7 Qa1+ 57. Kh2 Qd4 58. Qa5
Qd6+ 59. Kh1 h4 60. Qc3 Qd1+ 61. Kh2 Qd5 62. Qe3+ Qg5 63. Qd4 Qg3+ 64. Kh1 Qe1+
65. Kh2 a5 66. Qh8+ Kg5 67. Qd8+ Kf4 68. Qf6+ Ke3 69. Qe5+ Kf2 70. Qb2+ Kf1 71.
Qb5+ Kf2 72. Qb2+ Qe2 73. Qf6+ Ke1 74. Qa1+ Qd1 75. Qxa5+ Qd2 76. Qa1+ Qd1 77.
Qe5+ Qe2 78. Qc3+ Qd2 79. Qa1+ 1/2-1/2

[Event "5th European Individual Chess Champions"]
[Site "Justiniano Hotel Belek, Turke"]
[Date "2004.05.16"]
[Round "2.29"]
[White "Idrizaj, A."]
[Black "Van Der Stricht, G."]
[Result "0-1"]
[WhiteElo "2249"]
[BlackElo "2450"]
[PlyCount "84"]
[EventDate "2004.05.16"]

1. e4 c5 2. Nf3 d6 3. d4 cxd4 4. Nxd4 Nf6 5. Nc3 a6 6. Bc4 e6 7. Bb3 Nbd7 8.
Be3 Nc5 9. Qf3 b5 10. O-O-O Bb7 11. Bg5 Be7 12. Rhe1 O-O 13. a3 Qa5 14. Kb1
Rfe8 15. h4 b4 16. axb4 Qxb4 17. Na2 Qb6 18. Nc3 Rab8 19. Bc1 Rec8 20. g4 d5
21. exd5 Nxb3 22. Nxb3 Bb4 23. Be3 Qd8 24. Bf4 Bxc3 25. bxc3 Bxd5 26. Qd3 Ra8
27. f3 Qb6 28. Kb2 a5 29. Qe3 Qb7 30. Rd4 Bc4 31. Ka3 a4 32. Nd2 Nd5 33. Qe5
Qb5 34. Qd6 Rd8 35. Rb1 Qa5 36. Rxc4 Rxd6 37. Bxd6 Ne3 38. Rc5 Qd8 39. Ne4 f5
40. Bc7 Qe7 41. Bd6 Qd8 42. Bc7 Qd7 {time...
} 0-1

[Event "5th European Individual Chess Champions"]
[Site "Justiniano Hotel Belek, Turke"]
[Date "2004.05.16"]
[Round "2.30"]
[White "Makoli, P."]
[Black "Jonkman, H."]
[Result "1/2-1/2"]
[WhiteElo "2228"]
[BlackElo "2421"]
[PlyCount "107"]
[EventDate "2004.05.16"]

1. e4 e5 2. Nf3 Nc6 3. Bb5 Nf6 4. O-O Nxe4 5. d4 Nd6 6. Bxc6 dxc6 7. dxe5 Ne4
8. Qxd8+ Kxd8 9. Ng5 Nxg5 10. Bxg5+ Be7 11. Be3 Bf5 12. c3 Kd7 13. Rd1+ Ke6 14.
Nd2 c5 15. Re1 Rhd8 16. f4 Rd3 17. Kf2 Rad8 18. Nf1 Bh4+ 19. g3 Be7 20. Kg2
Be4+ 21. Kf2 h5 22. h4 a5 23. Re2 a4 24. a3 Bc6 25. Rd2 Rxd2+ 26. Nxd2 Kf5 27.
Rg1 b5 28. Rc1 Rb8 29. b4 axb3 30. Nxb3 Ra8 31. Ra1 b4 32. cxb4 Ba4 33. Bxc5
Bxb3 34. Bxe7 Re8 35. Bc5 Ba4 36. Rc1 Rd8 37. Ke3 Kg4 38. Bd4 c6 39. Bb6 Rd7
40. Bc5 Rd5 41. Bd4 g6 42. Rc5 Rxc5 43. Bxc5 Kxg3 44. Be7 Kg4 45. Bg5 Kf5 46.
Kd4 Ke6 47. Kc5 Kd7 48. Kb6 Bd1 49. Bh6 Bc2 50. Bf8 Bd1 51. Bd6 Bc2 52. Ka5 Bd1
53. a4 Kc8 54. b5 1/2-1/2

[Event "5th European Individual Chess Champions"]
[Site "Justiniano Hotel Belek, Turke"]
[Date "2004.05.16"]
[Round "2.31"]
[White "Neubauer, M."]
[Black "Bente, B."]
[Result "1/2-1/2"]
[WhiteElo "2418"]
[BlackElo "2219"]
[PlyCount "145"]
[EventDate "2004.05.16"]

1. e4 e6 2. d4 d5 3. Nc3 Bb4 4. e5 c5 5. a3 Bxc3+ 6. bxc3 Qa5 7. Bd2 Qa4 8. Qg4
g6 9. h4 h5 10. Qd1 Nc6 11. dxc5 Qe4+ 12. Be2 Nxe5 13. Kf1 Bd7 14. Rb1 Bc6 15.
Rb4 Nc4 16. Bd3 Nxd2+ 17. Qxd2 Qe5 18. Nf3 Qc7 19. Qg5 Qe7 20. Qe5 Qf6 21. Rf4
Qxe5 22. Nxe5 Nh6 23. Ke2 Rf8 24. Rb1 f5 25. Rfb4 Rc8 26. Rxb7 Bxb7 27. Rxb7
Rf7 28. Nxf7 Nxf7 29. Rxa7 Rxc5 30. Kd2 e5 31. a4 e4 32. Be2 Ne5 33. a5 Nc4+
34. Bxc4 Rxc4 35. a6 Ra4 36. Ke3 Kd8 37. Ra8+ Kc7 38. g3 Rc4 39. Kd2 Kb6 40. a7
Rc6 41. Rd8 Kxa7 42. Rxd5 Kb6 43. c4 Rxc4 44. Rd6+ Kc5 45. Rxg6 Kd5 46. Rg5 Ke6
47. Rxh5 Rd4+ 48. Ke3 Rc4 49. Kd2 Rd4+ 50. Kc3 Rd1 51. Rh6+ Ke5 52. Rh8 Rf1 53.
Re8+ Kd5 54. Rd8+ Ke5 55. Rd2 f4 56. gxf4+ Kxf4 57. Kd4 Kf3 58. c4 Rh1 59. c5
Rxh4 60. Kd5 Rh5+ 61. Kd6 Rh6+ 62. Kd5 Rh5+ 63. Kc4 Rh4 64. Kb5 Rh2 65. c6 e3
66. Rd3 Rxf2 67. c7 Rc2 68. Kb6 Kf2 69. Rd6 Rxc7 70. Kxc7 e2 71. Rf6+ Kg2 72.
Re6 Kf2 73. Kb6 1/2-1/2

[Event "5th European Individual Chess Champions"]
[Site "Justiniano Hotel Belek, Turke"]
[Date "2004.05.16"]
[Round "2.32"]
[White "Mamedjarova, T."]
[Black "Mazi, L."]
[Result "0-1"]
[WhiteElo "2191"]
[BlackElo "2417"]
[PlyCount "96"]
[EventDate "2004.05.16"]

1. d4 Nf6 2. Nf3 g6 3. Bf4 Bg7 4. e3 O-O 5. h3 d6 6. Bc4 Nfd7 7. O-O e5 8. Bh2
Nc6 9. c3 Qe7 10. Nbd2 Kh8 11. dxe5 dxe5 12. Qc2 f5 13. Rfd1 Nb6 14. Bf1 e4 15.
Nd4 Ne5 16. c4 Nbd7 17. N2b3 Nf6 18. Nb5 Nh5 19. c5 c6 20. Nd6 Be6 21. Na5 Bd5
22. Bxe5 Bxe5 23. Bc4 Bxc4 24. Qxc4 f4 25. exf4 Nxf4 26. Nxe4 Qh4 27. Ng3 b6
28. Qe4 Rae8 29. Nxc6 Bxb2 30. Qb1 Ne2+ 31. Kh2 Bg7 32. Qd3 Rxf2 33. Nxe2 Bxa1
34. Ng3 Bg7 35. cxb6 axb6 36. Qd7 Ref8 37. Rd3 Qc4 38. Nd8 Qxa2 39. Qb7 Qg8 40.
Qxb6 Qc4 41. Rd7 Be5 42. Qe3 Re2 43. Qa3 Qf4 44. Rd3 Qf2 45. Qa8 Re1 46. h4 Qf4
47. Kh3 h5 48. Qf3 Rh1+ 0-1

[Event "5th European Individual Chess Champions"]
[Site "Justiniano Hotel Belek, Turke"]
[Date "2004.05.16"]
[Round "2.33"]
[White "Kristjansson, S."]
[Black "Demirel, T."]
[Result "1-0"]
[WhiteElo "2404"]
[BlackElo "2183"]
[PlyCount "119"]
[EventDate "2004.05.16"]

1. e4 e5 2. Nf3 Nc6 3. d4 exd4 4. Nxd4 Nf6 5. Nxc6 bxc6 6. e5 Qe7 7. Qe2 Nd5 8.
c4 Nb6 9. Nc3 a5 10. Qe4 Ba6 11. Bd3 Qe6 12. b3 g6 13. O-O Bg7 14. Bb2 O-O 15.
f4 d5 16. cxd5 cxd5 17. Qe2 Bxd3 18. Qxd3 c5 19. Rae1 Rfd8 20. f5 gxf5 21. Ne2
c4 22. Qe3 Re8 23. Nf4 Qh6 24. Rf3 Re6 25. Rh3 Qg5 26. Rg3 Qh6 27. Rh3 Qg5 28.
Rh5 Qd8 29. Bd4 Nd7 30. Nxe6 fxe6 31. bxc4 dxc4 32. g4 fxg4 33. Rg5 Nf8 34.
Rxg4 Ng6 35. Bc3 Qd5 36. h4 Ne7 37. h5 Nf5 38. Qe4 Qc5+ 39. Kh1 Rf8 40. Reg1 h6
41. Qxc4 Qe3 42. Kh2 Kh8 43. Qf4 Qxf4+ 44. Rxf4 Rc8 45. Ba1 Rc2+ 46. Rg2 Rc1
47. Bb2 Re1 48. Rfg4 Rb1 49. Re4 Bf8 50. Rf4 Bg7 51. Re4 Bf8 52. Rc2 Be7 53.
Ree2 Bg5 54. Rc8+ Kg7 55. Rc7+ Kf8 56. Rec2 Bf4+ 57. Kh3 Re1 58. Rc8+ Kf7 59.
R2c7+ Ne7 60. Rb7 1-0

[Event "5th European Individual Chess Champions"]
[Site "Justiniano Hotel Belek, Turke"]
[Date "2004.05.16"]
[Round "2.34"]
[White "Aleskerov, F."]
[Black "Soylu, S."]
[Result "1-0"]
[WhiteElo "2167"]
[BlackElo "2397"]
[PlyCount "81"]
[EventDate "2004.05.16"]

1. d4 Nf6 2. Nf3 d5 3. e3 Bf5 4. Bd3 e6 5. O-O Nbd7 6. c4 Bxd3 7. Qxd3 c6 8.
Nc3 Bb4 9. Nd2 O-O 10. a3 Be7 11. b4 a6 12. Bb2 b5 13. c5 e5 14. dxe5 Nxe5 15.
Qf5 Nfd7 16. Ne2 g6 17. Qh3 Bf6 18. Nd4 Rc8 19. e4 dxe4 20. Nxe4 Nc4 21. Bc3
Bg7 22. Rad1 Rc7 23. Nxc6 Rxc6 24. Rxd7 Qe8 25. Bxg7 Kxg7 26. Qc3+ Qe5 27. Rd4
f6 28. f4 Qe6 29. Rfd1 Re8 30. Rd7+ Kg8 31. Ng5 Qe3+ 32. Qxe3 Nxe3 33. Rd8 Rc8
34. Rxc8 Rxc8 35. Rd3 fxg5 36. Rxe3 gxf4 37. Re6 Ra8 38. Re7 g5 39. Kf2 a5 40.
c6 a4 41. c7 1-0

[Event "5th European Individual Chess Champions"]
[Site "Justiniano Hotel Belek, Turke"]
[Date "2004.05.16"]
[Round "2.37"]
[White "Thorfinnsson, B."]
[Black "Ersahin, B."]
[Result "1-0"]
[WhiteElo "2345"]
[BlackElo "2070"]
[PlyCount "81"]
[EventDate "2004.05.16"]

1. d4 Nf6 2. Nf3 g6 3. Bg5 Bg7 4. e3 O-O 5. Bd3 d6 6. Nbd2 Nbd7 7. c3 h6 8. Bh4
c5 9. Qb3 Qb6 10. Qc2 d5 11. h3 Re8 12. Bg3 cxd4 13. cxd4 a6 14. Rc1 Nf8 15.
Ne5 Be6 16. Qb3 Qa5 17. Ke2 Ne4 18. Nxe4 dxe4 19. Bc4 Rac8 20. Bxe6 Nxe6 21.
Rhd1 Qb5+ 22. Qxb5 axb5 23. Nd7 Red8 24. Nb6 Rxc1 25. Rxc1 f5 26. d5 f4 27. Bh2
f3+ 28. Kf1 Ng5 29. b3 Nf7 30. Rc7 e6 31. Rxb7 exd5 32. Bc7 Nd6 33. Ra7 d4 34.
exd4 Re8 35. Bxd6 Bxd4 36. Ra8 Kf7 37. Rxe8 Kxe8 38. Nd5 Kd7 39. Bf4 Kc6 40.
Nb4+ Kc5 41. Nc2 1-0